00838 a2200217 4500003000500000005001700005010001600022020001500038040000900053082001400062100002500076245011500101250001200216260003100228300004500259505010500304650002800409700002100437856008800458856007400546Nust20221027103616.0 a 91024304 a0471839442 cNust00a621.3,SMI1 aSmith, Ralph Judson.10aCircuits, devices, and systems :ba first course in electrical engineering /cRalph J. Smith, Richard C. Dorf. a5th ed. aNew York :bWiley,cc1992. axi, 868 p. :bill. (some col.) ;c26 cm. a Part 1:- Circuits (Page-1), Part 2:- Electronics (Page-304), Part 3:- Electromechanics (Page-658),  0aElectrical engineering.1 aDorf, Richard C.423Publisher descriptionuhttp://www.loc.gov/catdir/description/wiley034/91024304.html423Table of Contentsuhttp://www.loc.gov/catdir/toc/onix05/91024304.html